00851nam a2200217 4500999001900000005001700019010001600036020002600052035001400078037001300092082001000105100002300115245013900138260005200277270008600329300003300415700002300448700001800471942002400489952012000513 c191221d19122120220823122533.0 aENG-1345558 a9789389740967c395.00 aEN-118090 bDBAD/PUB a371.3 aMishra, Premananda aLesson Planning of Universal Design and Adaptations for Visually Challenged/cby Premananda Mishra, K. Srinivas Reddy and Jasmer Singh aNew DelhibNeelkamal Publications Pvt Ltdc2021 a# 4764/1, 23, Ansari Road, DaryaganjbNew Delhie110002mneelkamalbooks@gmail.com axix, 251p.bIndexc25cm(pbk) aReddy, K. Srinivas aSingh, Jasmer 2ddccENh371.3mMIS 001040708NFICaAVbAVd2022-08-23eDBAD/PUBg395.00l0o371.3 MISpEN-118090r2022-08-23 00:00:00t1v395.00yEN